000 00415nam a2200181Ia 4500
003 OSt
005 20230517110621.0
008 210210b1908 xxu||||| |||| 00| 0 eng d
040 _cAL
041 _aFrench
082 _a444/94
100 _aTOPFFER (R)
_9106395
245 _aLe lac de gers
260 _aLondon
_bMacmillan & Co. Ltd.
_c1908
690 _aFrench
_9106396
906 _a006289
942 _2ddc
_cBK
999 _c129309
_d129309